Sustainable Fashion and Textiles: Design Journeys (Record no. 369683)

MARC details
000 -LEADER
fixed length control field 00789nam a2200205 4500
005 - DATE AND TIME OF LATEST TRANSACTION
control field 20260107151010.0
008 - FIXED-LENGTH DATA ELEMENTS--GENERAL INFORMATION
fixed length control field 260105b |||||||| |||| 00| 0 eng d
020 ## - INTERNATIONAL STANDARD BOOK NUMBER
International Standard Book Number 9780415644563
041 ## - LANGUAGE CODE
Language code of text/sound track or separate title English
082 ## - DEWEY DECIMAL CLASSIFICATION NUMBER
Classification number 746.92
Item number FLE
100 ## - MAIN ENTRY--PERSONAL NAME
Author Fletcher Kate
245 ## - TITLE STATEMENT
Title Sustainable Fashion and Textiles: Design Journeys
250 ## - EDITION STATEMENT
Edition statement 2nd
260 ## - PUBLICATION, DISTRIBUTION, ETC.
Place of publication, distribution, etc. New York
Name of publisher, distributor, etc. Routledge
Date of publication, distribution, etc. 2014
300 ## - PHYSICAL DESCRIPTION
Extent 267
365 ## - TRADE PRICE
Price amount 4351.75
Currency code Rs.00
520 ## - SUMMARY, ETC.
Summary, etc. Part 1: Sustainable Fashion and Textile Products<br/>1. Material Diversity<br/>2. Ethically Made<br/>3. Use Matters<br/>4. Reuse, Recycling and Zero Waste<br/>Part 2: Sustainable Fashion and Textile Systems<br/>5. Fashion, Needs and Consumption<br/>6. Local and Light<br/>7. Speed<br/>8. User Maker
650 ## - SUBJECT ADDED ENTRY--TOPICAL TERM
Topical term or geographic name entry element Fashion Sustainable
942 ## - ADDED ENTRY ELEMENTS (KOHA)
Koha item type Books
Holdings
Withdrawn status Lost status Source of classification or shelving scheme Damaged status Not for loan Home library Current library Date acquired Vendor Net Price Bill number Total Checkouts Full call number Barcode Date last seen Discount Actual Price Bill Date Koha item type
    Dewey Decimal Classification     School of Fashion Technology School of Fashion Technology 31/12/2025 Design Book Studio 4351.75 255   746.92 FLE SOFT-BK-4795 05/01/2026 25% 5802.34 22/11/2025 Books